[Event "Let's Play Chess!"]
[Site "http://www.queenalice.com/game.php?id=1628023"]
[Date "2020.9.28"]
[Round "-"]
[White "igorjava"]
[Black "albertcesar"]
[Result "0-1"]
[WhiteElo "1925"]
[BlackElo "2018"]

1. e4 e5 2. f4 exf4 3. Nf3 g5 4. h3 Nf6 5. e5 Ne4 6. Nc3 Ng3 7. Rg1 d6 8. d4 h6
9. b3 Bg7 10. Bb2 c6 11. Qd2 dxe5 12. O-O-O exd4 13. Re1+ Be6 14. Ne4 Nxf1 15.
Rgxf1 O-O 16. Bxd4 Na6 17. Bxg7 Qxd2+ 18. Nexd2 Kxg7 19. Nd4 Rfe8 20. c3 Rad8
21. Re2 Nc5 22. Kc2 Rxd4 23. cxd4 Bf5+ 24. Kd1 Rxe2 25. Kxe2 Bd3+ 26. Ke1 Bxf1
27. Kxf1 Ne6 28. Nf3 f6 29. Kf2 Kf7 30. Ke2 Ke7 31. Kd3 Kd6 32. Ke4 Ng7 33. Ne1
f5+ 34. Kd3 Kd5 35. b4 g4 36. a4 b6 37. b5 c5 38. dxc5 Kxc5 39. Kc3 Ne6 40. Nd3+
Kd6 41. Kc4 f3 42. gxf3 g3 43. Ne1 Nf4 44. Kd4 g2 45. Nxg2 Nxg2 46. Kd3 Kd5 0-1

[Event "AUTO-OPEN-4216"]
[Site "http://www.queenalice.com/game.php?id=1628424"]
[Date "2020.9.29"]
[Round "1"]
[White "albertcesar"]
[Black "ChessColossos"]
[Result "1-0"]
[WhiteElo "1500"]
[BlackElo "1646"]

1. Nf3 Nf6 2. c4 c5 3. g3 b6 4. Bg2 Bb7 5. O-O e6 6. Nc3 Be7 7. b3 O-O 8. Bb2 d5
9. cxd5 Nxd5 10. Qc2 Nxc3 11. Bxc3 Bf6 12. Rad1 Nd7 13. d4 cxd4 14. Bxd4 Bxd4
15. Nxd4 Bxg2 16. Kxg2 Rc8 17. Qe4 Nc5 18. Qf3 Qd5 19. Qxd5 exd5 20. Nf5 Rfe8
21. Nd6 1-0

[Event "AUTO-OPEN-4216"]
[Site "http://www.queenalice.com/game.php?id=1628449"]
[Date "2020.9.29"]
[Round "1"]
[White "albertcesar"]
[Black "Elcid"]
[Result "1-0"]
[WhiteElo "1931"]
[BlackElo "1563"]

1. Nf3 d6 2. d4 g6 3. c4 Nf6 4. Nc3 Bg7 5. g3 O-O 6. Bg2 Nbd7 7. O-O e5 8. e4 c6
9. h3 Re8 10. Qc2 exd4 11. Nxd4 Qb6 12. Be3 1-0

[Event "AUTO-OPEN-4216"]
[Site "http://www.queenalice.com/game.php?id=1628450"]
[Date "2020.9.29"]
[Round "1"]
[White "Elcid"]
[Black "albertcesar"]
[Result "0-1"]
[WhiteElo "1563"]
[BlackElo "1924"]

1. d4 Nf6 2. Nc3 d6 3. Bf4 g6 4. e4 Bg7 5. Bg5 a6 6. e5 Nfd7 7. exd6 cxd6 8. Nf3
O-O 9. Be2 Nc6 10. O-O Nf6 11. a3 b5 0-1

[Event "AUTO-OPEN-4216"]
[Site "http://www.queenalice.com/game.php?id=1628451"]
[Date "2020.9.29"]
[Round "1"]
[White "albertcesar"]
[Black "Magogue"]
[Result "1-0"]
[WhiteElo "1773"]
[BlackElo "1675"]

1. Nf3 Nf6 2. c4 c5 3. g3 b6 4. Bg2 Bb7 5. O-O e6 6. b3 Be7 7. Bb2 O-O 8. d4
cxd4 9. Qxd4 Bc5 10. Qf4 Be7 11. Nc3 d5 12. cxd5 Nxd5 13. Nxd5 Bxd5 14. Rfd1 Nd7
15. e4 Bb7 16. Ne5 Bc8 17. Nc6 Qe8 18. e5 Rb8 19. Nxb8 Nxb8 20. Rac1 Ba6 21. Qa4
Qxa4 22. bxa4 Be2 23. Rd2 Ba6 24. Rc7 1-0

[Event "AUTO-OPEN-4216"]
[Site "http://www.queenalice.com/game.php?id=1628452"]
[Date "2020.9.29"]
[Round "1"]
[White "Magogue"]
[Black "albertcesar"]
[Result "0-1"]
[WhiteElo "1673"]
[BlackElo "1874"]

1. e4 e5 2. f4 exf4 3. Bc4 d5 4. Bxd5 Nf6 5. d3 Nxd5 6. exd5 Qxd5 7. Qe2+ Be6 8.
Bxf4 Qd4 9. Bc1 Nc6 10. Nf3 Qb6 11. a3 O-O-O 12. Nc3 Bg4 13. Qf2 Bc5 14. Qg3
Rhe8+ 15. Kf1 f5 16. Bg5 Qxb2 17. Re1 Qxc3 18. Rxe8 Rxe8 19. Bd2 Qa1+ 20. Ne1
Be2# 0-1

[Event "Challenge"]
[Site "http://www.queenalice.com/game.php?id=1630196"]
[Date "2020.10.18"]
[Round "-"]
[White "Numberone"]
[Black "albertcesar"]
[Result "0-1"]
[WhiteElo "2333"]
[BlackElo "2056"]

1. e4 e5 2. f4 exf4 3. Bc4 d5 4. Bxd5 Nf6 5. Nc3 Nxd5 6. Nxd5 g5 7. d4 Nc6 8. h4
Be6 9. c4 Rg8 10. Nf3 g4 11. Ng5 f3 12. gxf3 h6 13. Nh7 Bg7 14. fxg4 Rh8 15. Bf4
Bxd5 16. exd5 Nxd4 17. Qd3 Qe7+ 18. Kf1 O-O-O 19. Re1 Qd7 20. Bxh6 Qxg4 21. Rg1
Qxh4 22. Bxg7 Qf4+ 23. Kg2 Rdg8 24. Qh3+ Kb8 25. Kh1 Nf3 26. Bxh8 Nxg1 27. Rxg1
Rxh8 28. b3 a5 29. Rg7 Re8 30. Rg1 Re3 31. Qh5 Qe4+ 32. Kh2 Re2+ 33. Kh3 Qe3+
0-1

[Event "Challenge"]
[Site "http://www.queenalice.com/game.php?id=1630197"]
[Date "2020.10.18"]
[Round "-"]
[White "albertcesar"]
[Black "Numberone"]
[Result "1-0"]
[WhiteElo "2168"]
[BlackElo "2236"]

1. e4 e5 2. Nf3 Nc6 3. Nc3 Nf6 4. Bb5 a6 5. Bxc6 dxc6 6. Nxe5 Nxe4 7. Nxe4 Qd4
8. O-O Qxe5 9. d4 Qd5 10. Re1 Be6 11. Bg5 Bd6 12. b3 b5 13. Rc1 b4 14. Qf3 O-O
15. Nxd6 Qxf3 16. gxf3 cxd6 17. Be7 Rfe8 18. Bxd6 a5 19. Re5 Red8 20. Bc5 g6 21.
h4 h5 22. Kg2 Rdb8 23. Kf1 Kg7 24. Ke2 a4 25. Re3 Kh7 26. Kd2 axb3 27. axb3 Ra2
28. Ke2 Rd8 29. Rd3 Bf5 30. Rd2 Re8+ 31. Kd1 Rb8 32. c4 1-0

[Event "Challenge"]
[Site "http://www.queenalice.com/game.php?id=1630659"]
[Date "2020.10.23"]
[Round "-"]
[White "christian_labat"]
[Black "albertcesar"]
[Result "0-1"]
[WhiteElo "2102"]
[BlackElo "2131"]

1. b3 e5 2. Bb2 Nc6 3. e4 Nf6 4. Nc3 d5 5. exd5 Nxd5 6. Bc4 Be6 7. Bb5 Bd6 8.
Ne4 O-O 9. Bxc6 bxc6 10. Nf3 f6 11. O-O Bg4 12. h3 Bh5 13. Ng3 Qe8 14. Nxh5 Qxh5
15. Nh2 Qg6 16. Ng4 h5 17. Ne3 Nf4 18. Kh1 Bc5 19. d4 exd4 20. Bxd4 Rad8 21. c3
Rfe8 22. Qf3 Bxd4 23. cxd4 Rxd4 24. Rad1 Rde4 25. Kh2 h4 26. Rd7 Ne6 27. Rfd1
Rf4 28. Qe2 Kf8 29. g3 hxg3+ 30. fxg3 Re4 31. Qf3 Ng5 32. Qf5 Qxf5 33. Nxf5 Re2+
34. Kh1 Nf3 35. R1d2 Rxd2 36. Rxd2 Nxd2 37. Nxg7 Kxg7 0-1